000 00561nam a22001817a 4500
999 _c524601
_d524601
003 NUST
020 _a9789698082413
038 _aZafar Malik
082 _a890.9
_bTOO
100 _aTooba, Gul Rukh
_915405
245 _aMian Muhammad Ismail Manzar Ki Qoumi-o-Milli Shayree /
_cGul Rukh Tooba
260 _aLahore :
_bBazm-e-Maula Shah ;
_c2010.
300 _a192 p. ;
500 _aHardcover
880 _6100-02\r
_aگل رخ طوبی
880 _6245-02\r
_aمیاں محمد اسماعیل منظر کی قومی و ملی شاعری
942 _2ddc
_cBK